01018cam a22002651 4500001001300000003000400013005001700017008004100034010001700075035001800092040002500110050002200135100005100157245006000208260004700268300006900315490007000384500003400454500005800488500006000546504004400606600005000650651001300700700003900713rc 01000525 DLC20260227111900.0721201s1899 mnuabcf b 000 0 eng  arc 01000525  a(OCoLC)505390 aDLCcOCUdOCoLCdDLC00aF351b.M53 vol. 21 aBrower, J. V.q(Jacob Vradenberg),d1844-1905.10aHarahey.cBy J.V. Brower, author of Quivira, etc., etc. aSt. Paul, Minn.b[H.L. Collins Co.]c1899. a133 p. incl. front., illus., plates, ports.bdouble map.c31 cm.0 aMemoirs of explorations in the basin of the Mississippi.vvol. II aPlates printed on both sides. aFirst edition, 300 numbered autograph copies. no. 24. a"Coronado's march to Quivira," by F.W. Hodge: p. 29-73. a"Bibliographic references": p. 121-125.10aCoronado, Francisco Vásquez de,d1510-1554. 0aHarahey.1 aHodge, Frederick Webb,d1864-1956.